Conceptos de administración estratégica (Registro nro. 23502)

Detalles MARC
000 -Cabecera
Campo de control interno 00404nam a2200169Ia 4500
005 - Fecha y hora del registro
control field 20260414150941.0
008 - Elementos de Longitud Fija
fixed length control field 260414t2017||||xx |||||||||||||| ||spa||
041 ## - Idioma
Codigo Idioma ESP
082 ## - DEWEY y NOTACIÓN INTERNA
Dewey 658.4012
Notación Interna D31 2017
100 ## - AUTOR
Autor denominación David, Fred R.
Término de relación autor
245 #0 - TÍTULO DE MATERIAL BIBLIOGRÁFICO
Título Conceptos de administración estratégica
Título paralelo
260 ## - CIUDAD, EDITORIAL, AÑO
Año 2017
650 ## - TEMAS
Temas Ciencias Sociales
654 ## - PROGRAMAS
Programa Dpto. de Administración de Negocios
942 ## - ELEMENTOS DE KOHA
Tipo de documento Libro
Nombre del creador Justo Noguera
Código de catalogador Justo Noguera
Esquema de clasificación Dewey Decimal Classification
Suppress in OPAC
Existencias
Codigo completo Registro Colección Copia número Disponibilidad Tipo de préstamo Biblioteca Actual Procedencia (Biblioteca) Ubicacón Fecha Ingreso Tipo de Adquisición Date last seen Total checkouts Price effective from Tipo de Item Estado del Material Damaged status Withdrawn status
658.4012 D31 2017 1056110 Universidad Católica San Pablo 1 Disponible Disponible Víctor Andrés Belaunde Víctor Andrés Belaunde Primer piso 14/04/2026 Compra 14/04/2026   14/04/2026 Libro Bueno